000 nam a22 7a 4500
999 _c7681
_d7681
008 170928b xxu||||| |||| 00| 0 eng d
100 _94170
_aDas.A.etal.
245 _aHome Science-XI
260 _aNew Delhi
_bArya
_c2009